000 00529nam a2200181Ia 4500
005 20250603145941.0
008 250603s9999 xx 000 0 und d
020 _a9789789211791
050 _aHQ 291 .O43/
100 _aOladejo, Mutiat Titilope
245 4 _aThe women went radical : petition writing and the colonial state in southwestern Nigeria, 1900 - 1953
260 _aIbadan, Nigeria
260 _bBookBuilders Editions Africa
260 _c2019
300 _a199 p
650 _aIbadan, Nigeria
942 _cBK
999 _c43336
_d43336